| 000 | 01063nam a2200229Ia 4500 | ||
|---|---|---|---|
| 001 | 15885 | ||
| 003 | GE_BSU | ||
| 008 | 181216s||||||||xx |||||||||||||| ||und|| | ||
| 040 | _cGE_BSU | ||
| 080 | _a821.353.1-1 + 821.353.1-11 | ||
| 100 | _aჭავჭავაძე, ი. (ილია, 1837-1907) | ||
| 245 | _aთხზულებათა სრული კრებული : 10 ტომად | ||
| 245 | _cპ. ინგოროყვას რედ. [და შესავ. წერილით | ||
| 260 | _aთბილისი | ||
| 260 | _bსახელგამი | ||
| 260 | _c1951 | ||
| 300 | _a500 გვ. : ფაქს. 15 ფც. პორტრ. და ილ.20 სმ | ||
| 300 | _eდანართი: ილიას ნაწარმოებთა კომენტარი. სარედაქციო შენიშვნები, გვ. 359-91 | ||
| 653 | _aთხზულებათა სრული კრებული | ||
| 653 | _aლექსები, პოემები | ||
| 942 | _cBK | ||
| 999 |
_c48980 _d48980 |
||